000 00652nam a22002057a 4500
999 _c1431
_d1431
003 AR-CdUCM
008 190227b ||||| |||| 00| 0 spa d
040 _aMUNICIPALIDAD PROVINCIAL DEL CUSCO
_cBIBLIOTECA MUNICIPAL DEL CUSCO
082 _a869.56 /
_bT37
100 _aTenicela Ponce, Juan M.
_95317
245 _aTambien soy Peruano /
_cTenicela Ponce, Juan M.
260 _aLima :
_bServicios Graficos y Publicidad,
_c2009.
300 _a122 paginas ;
_c25cm.
650 _aPoesias Peruanas
_92190
650 _aPoesia Latinoamericana
_92147
650 _aLiteratura
_983
650 _aPeru
_9429
942 _2ddc
_cLIBROS
945 _apjha
_d2019-02-27